000 00622nam a22001697a 4500
003 OSt
005 20171010095457.0
008 120716t xxu||||| |||| 00| 0 eng d
040 _aMMSU
_cULS
100 _aAgbuggo, Mirasol V.
_911178
245 _aCytological effect of prickly pear cactus (Opuntia ficus-indica) crude extract on paramecium sp. isolated from pond water
_cMirasol V. Agbuggo
260 _c2008
300 _axv, 45 leaves
_c28 cm.
500 _aThesis (BS Biology) -- Mariano Marcos State University-College of Arts & Sciences, Batac City
504 _aBibliography: leaves 30-31
942 _2ddc
_cTHEDIS
999 _c9634
_d9634